LEADER 00891cam0-2200325---450- 001 990004895620403321 005 20081215094720.0 035 $a000489562 035 $aFED01000489562 035 $a(Aleph)000489562FED01 035 $a000489562 100 $a19990604f19401950km-y0itay50------ba 101 0 $aita 102 $aIT 105 $ay-------001yy 200 1 $aDizionari di ieri e di domani$fGiacomo Devoto 210 $aFirenze$cSansoni$d[1946?] 215 $a124 p.$d19 cm 225 1 $aBiblioteca di lingua nostra$v6 610 0 $aLingua italiana$aLessico 676 $a453.028 700 1$aDevoto,$bGiacomo$f<1897-1974>$0638 801 0$aIT$bUNINA$gRICA$2UNIMARC 901 $aBK 912 $a990004895620403321 952 $aP.3 A1(791)$fFLFBC 952 $a453.028 DEV 1$fFLFBC 959 $aFLFBC 996 $aDizionari di ieri e di domani$9133712 997 $aUNINA LEADER 02015nam 2200493 450 001 000013899 005 20050718115500.0 010 $a0-7148-3746-6$b(vol. 1.) 010 $a0-7148-3747-4$b(Vol. 2.) 100 $a20030610d2001----km-y0itay0103----ba 101 0 $aeng 102 $aGB 200 1 $aRichard Rogers$ecomplete works$fKenneth Powell 210 $aLondon$cPhaidon 215 $av.$cill.$d24 cm. 327 0 $aVolume 1.: Team 4, Richard + Piano + Rogers, Richard Rogers Partnership. - c1999. - 320 p.$aVolume 2.: Richard Rogers Partnership. - c2001. - 320 p 559 1 $aTeam 4, Richard + Piano + Rogers, Richard Rogers Partnership 559 1 $aRichard Rogers Partnership 600 $aRogers$bRichard 606 $aArchitettura 676 $a720.92$v(21. ed.)$9Architetti 700 1$aPowell,$bKenneth$0198988 801 0$aIT$bUniversità della Basilicata - B.I.A.$gRICA$2unimarc 912 $a000013899 996 $aRichard Rogers$981348 997 $aUNIBAS BAS $aMONSCI BAS $aSCIENZE CAT $aSTD024$b01$c20030610$lBAS01$h0933 CAT $aTORRE$b20$c20030612$lBAS01$h1015 CAT $aTORRE$b20$c20030612$lBAS01$h1024 CAT $aTORRE$b20$c20030612$lBAS01$h1056 CAT $aTORRE$b20$c20030701$lBAS01$h1056 CAT $aTORRE$b20$c20030704$lBAS01$h1059 CAT $aTORRE$b20$c20030709$lBAS01$h1142 CAT $aTORRE$b20$c20030710$lBAS01$h1252 CAT $c20050601$lBAS01$h1755 CAT $abatch$b01$c20050718$lBAS01$h1052 CAT $c20050718$lBAS01$h1111 CAT $c20050718$lBAS01$h1141 CAT $c20050718$lBAS01$h1155 FMT Z30 -1$lBAS01$LBAS01$mBOOK$1BASA2$APolo Tecnico-Scientifico$2DID$BDidattica$3PTS.s1.p40.1$6100181$5T100181$820030709$b1$e320$f04$FPrestabile Didattica$hVol 1.: Richard Rogers partnership Z30 -1$lBAS01$LBAS01$mBOOK$1BASA2$APolo Tecnico-Scientifico$2DID$BDidattica$3PTS.s1.p40.2$699993$5T99993$820030612$b2$e320$f04$FPrestabile Didattica$hVol. 2: Richard Rogers partnership LEADER 04612nam 22007935 450 001 9910253985403321 005 20200704041701.0 010 $a3-319-21726-7 024 7 $a10.1007/978-3-319-21726-0 035 $a(CKB)3710000000476955 035 $a(EBL)4178427 035 $a(SSID)ssj0001584935 035 $a(PQKBManifestationID)16263466 035 $a(PQKBTitleCode)TC0001584935 035 $a(PQKBWorkID)14864289 035 $a(PQKB)10242830 035 $a(DE-He213)978-3-319-21726-0 035 $a(MiAaPQ)EBC4178427 035 $z(PPN)25885782X 035 $a(PPN)190535792 035 $a(EXLCZ)993710000000476955 100 $a20150918d2016 u| 0 101 0 $aeng 135 $aur|n|---||||| 181 $ctxt 182 $cc 183 $acr 200 10$aClean Rail Transportation Options /$fby Ibrahim Dincer, Janette Hogerwaard, Calin Zamfirescu 205 $a1st ed. 2016. 210 1$aCham :$cSpringer International Publishing :$cImprint: Springer,$d2016. 215 $a1 online resource (230 p.) 225 1 $aGreen Energy and Technology,$x1865-3529 300 $aDescription based upon print version of record. 311 $a3-319-21725-9 320 $aIncludes bibliographical references and index. 327 $aPreface -- Introduction -- Rail Transportation -- Locomotive Prime Movers -- Ammonia as a Transportation Fuel -- Clean Rail Transportation Systems -- System Analyses -- Case Studies -- Conclusions -- Nomenclature -- References -- Appendices. 330 $aThis book will assess and compare several options for ammonia co-fueling of diesel locomotives with integrated heat recovery, multigeneration (including on-board hydrogen fuel production from ammonia), and emission reduction subsystems from energy, exergy, and environmental perspectives. Economic considerations will be presented to compare the cost of the proposed systems for different scenarios such as carbon-tax rates, diesel fuel cost, and ammonia cost. Fossil fuel consumption and the associated negative environmental impact of their combustion is a significant global concern that requires effective, practical, and sustainable solutions. From a Canadian perspective, the Transportation Sector contributes more than 25% of national greenhouse gas emissions due to fossil fuel combustion, largely due to road vehicles (cars, light and heavy duty trucks). This is a complex and critical challenge to address, particularly in urban areas with high population density. There is a need to develop alternative energy solutions for mass passenger and freight transportation systems that will reduce both the traffic-volume of road vehicles as well as the emissions from the mass transportation systems. The book will be helpful to students in senior-level undergraduate and graduate level courses related to energy, thermodynamics, thermal sciences, combustion, HVAC&R, etc. The quantitative comparative assessment of such alternative energy systems provided by this book will be useful for researchers and professionals interested sustainable development. 410 0$aGreen Energy and Technology,$x1865-3529 606 $aTransportation 606 $aEngines 606 $aMachinery 606 $aSustainable development 606 $aEnergy policy 606 $aEnergy policy 606 $aTransportation$3https://scigraph.springernature.com/ontologies/product-market-codes/119000 606 $aEngine Technology$3https://scigraph.springernature.com/ontologies/product-market-codes/T17048 606 $aSustainable Development$3https://scigraph.springernature.com/ontologies/product-market-codes/U34000 606 $aEnergy Policy, Economics and Management$3https://scigraph.springernature.com/ontologies/product-market-codes/112000 615 0$aTransportation. 615 0$aEngines. 615 0$aMachinery. 615 0$aSustainable development. 615 0$aEnergy policy. 615 0$aEnergy policy. 615 14$aTransportation. 615 24$aEngine Technology. 615 24$aSustainable Development. 615 24$aEnergy Policy, Economics and Management. 676 $a385.0973 700 $aDincer$b Ibrahim$4aut$4http://id.loc.gov/vocabulary/relators/aut$0421460 702 $aHogerwaard$b Janette$4aut$4http://id.loc.gov/vocabulary/relators/aut 702 $aZamfirescu$b Calin$4aut$4http://id.loc.gov/vocabulary/relators/aut 801 0$bMiAaPQ 801 1$bMiAaPQ 801 2$bMiAaPQ 906 $aBOOK 912 $a9910253985403321 996 $aClean Rail Transportation Options$92177672 997 $aUNINA